| 000 | 00821cac a22002291u 4500 | ||
|---|---|---|---|
| 008 | 090113s2002 maui |r|||| 001 0 eng d | ||
| 010 | _a 2001131544 | ||
| 020 | _a9780618116393 | ||
| 082 | 0 | 0 |
_a650.13 _bREE _222 |
| 100 |
_aReece, Barry L. _933514 |
||
| 245 | 1 | 0 |
_aEffective human relations : _bpersonal and organizational applications / _cBarry L. Reece, Rhonda Brandt. |
| 250 | _a8th ed. | ||
| 260 |
_aBoston : _bHoughton Mifflin, _cc2002. |
||
| 260 | _bDistributer: Al-Ahram | ||
| 300 |
_axxv, 507 p. : _bill. ; _c26 cm. |
||
| 504 | _aIncludes bibliographical references (p. 473-488) and indexes. | ||
| 650 | 0 |
_aPsychology, Industrial. _933515 |
|
| 650 | 0 |
_aInterpersonal relations. _933516 |
|
| 650 | 0 |
_aPersonnel management. _933517 |
|
| 700 | 1 |
_aBrandt, Rhonda. _91463 |
|
| 942 |
_cBB _k650.13REE _2ddc |
||
| 999 |
_c7195 _d7195 |
||